• 首页
  • 本馆介绍
  • 公告通知
  • 最新文献
  • 馆藏检索
  • 电子资源
  • 读者导购
  • 参考咨询
  • 我的图书馆
  • 登录
  • 详细信息显示
  • 放入我的书架
  • 预约/预借图书
  • 作者相关作品
  • 分类相关作品
  • 丛书相关作品
  • 出版社相关作品

书目信息

  • 表格格式
  • 工作单格式
  • 卡片格式
题名:
土壤肥料学
    
 
作者: ;辽宁省熊岳农业学校 主编
分册: 上册  
出版信息: 北京   农业出版社  1961
页数: 192页
开本: 19cm
丛书名:
单 册:
中图分类: S1
科图分类:
主题词: 农业科学--基础理论
电子资源:
ISBN:
000 00691nam0 2200217 450
001 0633461811
005 20060523083400.71
010    @dCNY0.54
091    @aK16144.1198
100    @a20060424d1961 km y0chiy0120 ea
101 0  @achi
102    @aCN@b110000
200 1  @a土壤肥料学@Atu rang fei liao xue@h上册@f辽宁省熊岳农业学校主编@Fliao ning sheng xiong yue nong ye xue xiao zhu bian
210    @a北京@c农业出版社@d1961
215    @a192页@d19cm
300    @a中等农业学校试用教科书;农学类各专业用
606 0  @a农业科学@x基础理论
690    @aS1@v3
711  0 @a辽宁省熊岳农业学校@Aliao ning sheng xiong yue nong ye xue xiao@4主编
801  0 @aCN@bPFT@c20060523
905    @a10447@dS1@e3:1
    
    土壤肥料学.上册/辽宁省熊岳农业学校主编.-北京:农业出版社,1961
    192页;19cm
    中等农业学校试用教科书;农学类各专业用
    
    ISBN :CNY0.54
    
●
相关链接 在E读中查询图书 在五车中查询图书 在当当中查询图书 在豆瓣中查询图书


正题名:土壤肥料学     索取号:S1/3:1         预约/预借

序号 登录号 条形码 馆藏地/架位号 状态 备注
1 0017438   001694214   密集书库/ [索取号:S1/3:1] 在馆    
唐山师范学院图书馆 欢迎您!
大连网信软件有限公司© 版权所有